Normal view
MARC view
- Online journalism
Entry Topical Term
001 - CONTROL NUMBER
- control field: 37766
003 - CONTROL NUMBER IDENTIFIER
- control field: OSt
005 - DATE AND TIME OF LATEST TRANSACTION
- control field: 20150428135246.0
008 - FIXED-LENGTH DATA ELEMENTS
- fixed length control field: 150428|| aca||babn | a|a d
040 ## - CATALOGING SOURCE
- Original cataloging agency: OSt
150 ## - HEADING--TOPICAL TERM
- Topical term or geographic name as entry element: Online journalism
450 ## - SEE FROM TRACING--TOPICAL TERM
- Topical term or geographic name entry element: Electronic journalism
450 ## - SEE FROM TRACING--TOPICAL TERM
- Topical term or geographic name entry element: Internet journalism
550 ## - SEE ALSO FROM TRACING--TOPICAL TERM
- Topical term or geographic name entry element: Journalism
550 ## - SEE ALSO FROM TRACING--TOPICAL TERM
- Topical term or geographic name entry element: Digital media